000 00481nam a22001697a 4500
003 OSt
005 20140310182338.0
008 130316t xxu||||| |||| 00| 0 eng d
020 _a0471086258
050 _aQH48
_b.So648 1995
082 _aQH48
_bS64 1995
245 _aWhat's the difference between apes and monkeys and other living things?
_cGary Soucie
260 _aCanada :
_bJohn Wiley & Sons, Inc.
_c1995.
300 _c21 cm.
942 _2lcc
_cBK-GS
999 _c12091
_d12091